| 000 | 00775nam a2200181 i 4500 | ||
|---|---|---|---|
| 001 | 31167 | ||
| 003 | ES-MaACL | ||
| 005 | 20230906154328.0 | ||
| 007 | t| | ||
| 008 | 030128s1875 fr ||||1| fre d | ||
| 100 | 1 |
_aBeguyer de Chancourtois, Alexandre-Emile. _927043 |
|
| 245 | 1 | 3 |
_aLe systéme de la carte geologique détaillée de la France _b: présenté comme base de discussion pour l'établissement d'un programme répondant a la question de l'exécution uniforme des relevés géologiques / _cpar A. -E. Beguyer Chancourtois. |
| 260 |
_aParis : _bSociété de Géographie, _c1875. |
||
| 300 |
_a11 p. ; _c23 cm. |
||
| 650 | 4 |
_aGeología- _zFrancia- _vMapas. _9170264 |
|
| 651 | 4 |
_aFrancia- _vMapas. _9170263 |
|
| 852 |
_aES-MaACL _jT-907-F-6 _z.- Legado Botella de Hornos |
||
| 999 |
_c31167 _d31167 |
||